[Event "ODJM C 2025"]
[Site "Willingen GER"]
[Date "2025.06.08"]
[Round "2"]
[White "Trush, Diana"]
[Black "Dimitrov, Pavel"]
[Result "1-0"]
[Termination "normal"]
[Board "9"]
[WhiteElo "1708"]
[BlackElo "1011"]
[WhiteClock "01:15:22"]
[BlackClock "01:28:46"]
[PlyCount "91"]
[WhiteFideId "34644091"]
[BlackFideId "533028206"]
[EventCountry "GER"]
[EventRounds "9"]
[EventType "swiss"]
[EventDate "2025.06.07"]

1. e4 {[%clk 01:24:58]} {[%emt 00:06:01]} e5 {[%clk 01:30:49]} {[%emt
00:00:11]} 2. Nf3 {[%clk 01:24:01]} {[%emt 00:01:28]} Nc6 {[%clk 01:31:08]}
{[%emt 00:00:11]} 3. Nc3 {[%clk 01:23:12]} {[%emt 00:01:18]} Nf6 {[%clk
01:31:31]} {[%emt 00:00:07]} 4. d4 {[%clk 01:23:31]} {[%emt 00:00:11]} exd4
{[%clk 01:31:55]} {[%emt 00:00:07]} 5. Nxd4 {[%clk 01:23:30]} {[%emt 00:00:29]}
Nxd4 {[%clk 01:32:11]} {[%emt 00:00:16]} 6. Qxd4 {[%clk 01:23:02]} {[%emt
00:00:57]} d6 {[%clk 01:32:05]} {[%emt 00:00:37]} 7. Bc4 {[%clk 01:22:56]}
{[%emt 00:00:36]} Be7 {[%clk 01:32:08]} {[%emt 00:00:26]} 8. O-O {[%clk
01:23:08]} {[%emt 00:00:19]} O-O {[%emt 00:00:06]} 9. Bg5 {[%emt 00:01:32]} h6
{[%clk 01:30:43]} {[%emt 00:00:17]} 10. Bh4 {[%clk 01:23:31]} {[%emt 00:00:06]}
Be6 {[%clk 01:30:37]} {[%emt 00:00:35]} 11. Bb3 {[%clk 01:23:48]} {[%emt
00:00:15]} c5 {[%clk 01:30:28]} {[%emt 00:00:38]} 12. Qd3 {[%clk 01:24:06]}
{[%emt 00:00:12]} Bxb3 {[%clk 01:30:37]} {[%emt 00:00:20]} 13. axb3 {[%clk
01:24:22]} {[%emt 00:00:16]} Ng4 {[%clk 01:30:10]} {[%emt 00:00:51]} 14. Bxe7
{[%clk 01:24:00]} {[%emt 00:00:56]} Qxe7 {[%clk 01:30:24]} {[%emt 00:00:17]}
15. Nd5 {[%clk 01:24:24]} {[%emt 00:00:07]} Qd7 {[%clk 01:30:20]} {[%emt
00:00:33]} 16. Qg3 {[%clk 01:23:20]} {[%emt 00:01:35]} Qe6 {[%clk 01:29:01]}
{[%emt 00:01:48]} 17. Nc7 {[%clk 01:22:45]} {[%emt 00:01:06]} Qxe4 {[%clk
01:29:15]} {[%emt 00:00:16]} 18. Nxa8 {[%clk 01:23:08]} {[%emt 00:00:07]} Rxa8
{[%clk 01:29:02]} {[%emt 00:00:42]} 19. Ra4 {[%clk 01:22:18]} {[%emt 00:01:21]}
Qxc2 {[%clk 01:28:46]} {[%emt 00:00:44]} 20. Rxg4 {[%clk 01:22:42]} {[%emt
00:00:08]} g6 {[%clk 01:28:47]} {[%emt 00:00:26]} 21. Qxd6 {[%clk 01:21:51]}
{[%emt 00:01:24]} Qxb3 {[%clk 01:28:46]} {[%emt 00:00:31]} 22. Qxc5 {[%clk
01:21:51]} {[%emt 00:00:30]} Kg7 {[%clk 01:28:48]} {[%emt 00:00:26]} 23. Rb4
{[%clk 01:21:37]} {[%emt 00:00:45]} Qa2 {[%clk 01:28:50]} {[%emt 00:00:25]} 24.
Rxb7 {[%clk 01:20:25]} {[%emt 00:01:45]} h5 {[%clk 01:28:42]} {[%emt 00:00:34]}
25. Qe5+ {[%clk 01:20:43]} {[%emt 00:00:16]} Kg8 {[%clk 01:28:56]} {[%emt
00:00:10]} 26. Qf6 {[%clk 01:19:58]} {[%emt 00:01:21]} a5 {[%emt 00:01:20]} 27.
Qg5 {[%clk 01:19:54]} {[%emt 00:00:05]} Rf8 {[%clk 01:28:08]} {[%emt 00:00:56]}
28. Re1 {[%clk 01:18:34]} {[%emt 00:01:52]} Kg7 {[%clk 01:28:06]} {[%emt
00:00:28]} 29. Qe5+ {[%clk 01:18:23]} {[%emt 00:00:45]} Kh7 {[%clk 01:28:10]}
{[%emt 00:00:20]} 30. Ra7 {[%clk 01:18:39]} {[%emt 00:00:20]} a4 {[%clk
01:28:08]} {[%emt 00:00:32]} 31. h3 {[%clk 01:18:49]} {[%emt 00:00:20]} Qb3
{[%clk 01:28:06]} {[%emt 00:00:27]} 32. Rc1 {[%clk 01:18:04]} {[%emt 00:01:20]}
Kg8 {[%clk 01:28:03]} {[%emt 00:00:29]} 33. Qc3 {[%clk 01:17:16]} {[%emt
00:01:21]} Qe6 {[%clk 01:28:06]} {[%emt 00:00:25]} 34. Rxa4 {[%clk 01:17:20]}
{[%emt 00:00:29]} Qd7 {[%clk 01:28:04]} {[%emt 00:00:30]} 35. Qc6 {[%clk
01:17:00]} {[%emt 00:00:50]} Qd3 {[%clk 01:28:12]} {[%emt 00:00:20]} 36. Ra8
{[%clk 01:15:09]} {[%emt 00:02:24]} Rxa8 {[%clk 01:28:23]} {[%emt 00:00:18]}
37. Qxa8+ {[%clk 01:15:30]} {[%emt 00:00:10]} Kg7 {[%clk 01:28:14]} {[%emt
00:00:35]} 38. Qe8 {[%clk 01:15:23]} {[%emt 00:00:41]} Qb3 {[%clk 01:28:10]}
{[%emt 00:00:32]} 39. Qe5+ {[%clk 01:15:06]} {[%emt 00:00:48]} Kh6 {[%clk
01:28:14]} {[%emt 00:00:24]} 40. h4 {[%clk 01:14:43]} {[%emt 00:00:55]} Qb8
{[%clk 01:27:55]} {[%emt 00:00:33]} 41. Qxb8 {[%clk 01:15:06]} {[%emt
00:00:24]} g5 {[%clk 01:28:10]} {[%emt 00:00:12]} 42. Qh8+ {[%clk 01:15:09]}
{[%emt 00:00:30]} Kg6 {[%clk 01:28:24]} {[%emt 00:00:12]} 43. Qg8+ {[%clk
01:14:46]} {[%emt 00:00:57]} Kf5 {[%clk 01:28:34]} {[%emt 00:00:17]} 44. Qxf7+
{[%clk 01:15:08]} {[%emt 00:00:11]} Ke4 {[%clk 01:28:52]} {[%emt 00:00:09]} 45.
Qe6+ {[%clk 01:15:22]} {[%emt 00:00:19]} Kf4 {[%clk 01:28:46]} {[%emt
00:00:34]} 46. Rc4# {[%emt 00:00:08]} 1-0

[Event "ODJM C 2025"]
[Site "Willingen GER"]
[Date "2025.06.08"]
[Round "2"]
[White "Giss, Marlene"]
[Black "Datta, Satadru"]
[Result "0-1"]
[Termination "normal"]
[Board "11"]
[WhiteElo "939"]
[BlackElo "1458"]
[WhiteClock "01:19:14"]
[BlackClock "00:35:29"]
[PlyCount "46"]
[WhiteFideId "533018391"]
[BlackFideId "34637931"]
[EventCountry "GER"]
[EventRounds "9"]
[EventType "swiss"]
[EventDate "2025.06.07"]

1. c4 {[%clk 01:30:58]} e5 {[%clk 01:30:47]} {[%emt 00:00:16]} 2. g3 {[%clk
01:31:13]} {[%emt 00:00:12]} Nf6 {[%clk 01:30:56]} {[%emt 00:00:21]} 3. Bg2
{[%clk 01:31:20]} {[%emt 00:00:23]} d5 {[%clk 01:31:03]} {[%emt 00:00:22]} 4.
cxd5 {[%clk 01:31:26]} {[%emt 00:00:24]} Nxd5 {[%clk 01:31:17]} {[%emt
00:00:18]} 5. d3 {[%clk 01:31:24]} {[%emt 00:00:29]} Be7 {[%clk 01:31:18]}
{[%emt 00:00:30]} 6. Nf3 {[%clk 01:31:30]} {[%emt 00:00:24]} Nc6 {[%clk
01:31:15]} {[%emt 00:00:32]} 7. O-O {[%clk 01:31:13]} {[%emt 00:00:48]} O-O
{[%clk 01:30:54]} {[%emt 00:00:50]} 8. Bd2 {[%clk 01:31:17]} {[%emt 00:00:27]}
Be6 {[%clk 01:29:14]} {[%emt 00:02:09]} 9. Re1 {[%clk 01:31:01]} {[%emt
00:00:46]} Nb6 {[%clk 01:25:50]} {[%emt 00:03:55]} 10. Nc3 {[%clk 01:30:35]}
{[%emt 00:00:56]} h6 {[%clk 01:19:55]} {[%emt 00:06:25]} 11. Rb1 {[%clk
01:30:02]} {[%emt 00:01:03]} a5 {[%clk 01:17:39]} {[%emt 00:02:46]} 12. Be3
{[%clk 01:28:12]} {[%emt 00:02:20]} Nd5 {[%clk 01:08:23]} {[%emt 00:09:44]} 13.
Nxd5 {[%clk 01:26:06]} {[%emt 00:02:37]} Bxd5 {[%clk 01:06:13]} {[%emt
00:02:41]} 14. b3 {[%clk 01:25:36]} {[%emt 00:01:00]} f5 {[%clk 01:01:14]}
{[%emt 00:05:28]} 15. d4 {[%clk 01:24:25]} {[%emt 00:01:42]} exd4 {[%clk
00:53:45]} {[%emt 00:07:59]} 16. Bxd4 {[%clk 01:24:10]} {[%emt 00:00:45]} Bxf3
{[%clk 00:52:59]} {[%emt 00:01:16]} 17. Bxf3 {[%clk 01:23:28]} {[%emt
00:01:12]} Qxd4 {[%clk 00:47:49]} {[%emt 00:05:40]} 18. Qxd4 {[%clk 01:22:17]}
{[%emt 00:01:42]} Nxd4 {[%clk 00:47:59]} {[%emt 00:00:19]} 19. Bxb7 {[%clk
01:21:58]} {[%emt 00:00:49]} Rad8 {[%clk 00:45:04]} {[%emt 00:03:14]} 20. Rbc1
{[%clk 01:21:52]} {[%emt 00:00:46]} c5 {[%clk 00:42:49]} {[%emt 00:02:46]} 21.
e3 {[%clk 01:21:03]} {[%emt 00:01:19]} Ne6 {[%clk 00:41:52]} {[%emt 00:01:26]}
22. e4 {[%clk 01:20:29]} {[%emt 00:01:05]} Nd4 {[%clk 00:36:12]} {[%emt
00:06:09]} 23. a3 {[%clk 01:19:14]} {[%emt 00:01:45]} Nf3+ {[%clk 00:35:29]}
{[%emt 00:01:11]} 0-1

[Event "ODJM C 2025"]
[Site "Willingen GER"]
[Date "2025.06.08"]
[Round "2"]
[White "Winkler, Theo"]
[Black "Frey, Jarmo"]
[Result "0-1"]
[Termination "normal"]
[Board "12"]
[WhiteElo "1466"]
[BlackElo "1404"]
[WhiteClock "01:20:47"]
[BlackClock "01:26:30"]
[PlyCount "96"]
[WhiteFideId "34622330"]
[BlackFideId "533001324"]
[EventCountry "GER"]
[EventRounds "9"]
[EventType "swiss"]
[EventDate "2025.06.07"]

1. e4 {[%clk 01:30:55]} {[%emt 00:00:04]} d5 {[%clk 01:30:55]} {[%emt
00:00:04]} 2. exd5 {[%clk 01:31:14]} {[%emt 00:00:11]} Qxd5 {[%clk 01:31:17]}
{[%emt 00:00:09]} 3. Nc3 {[%clk 01:31:33]} {[%emt 00:00:11]} Qa5 {[%clk
01:31:37]} {[%emt 00:00:10]} 4. d4 {[%clk 01:31:47]} {[%emt 00:00:15]} c6
{[%clk 01:31:56]} {[%emt 00:00:10]} 5. Bc4 {[%clk 01:31:57]} {[%emt 00:00:21]}
Bf5 {[%clk 01:31:53]} {[%emt 00:00:32]} 6. Nf3 {[%clk 01:31:18]} {[%emt
00:01:09]} Nf6 {[%clk 01:32:09]} {[%emt 00:00:14]} 7. h3 {[%clk 01:29:57]}
{[%emt 00:01:51]} e6 {[%clk 01:31:24]} {[%emt 00:01:15]} 8. Bg5 {[%clk
01:29:38]} {[%emt 00:00:49]} Nbd7 {[%clk 01:31:32]} {[%emt 00:00:22]} 9. Qd2
{[%clk 01:29:09]} {[%emt 00:00:59]} Bd6 {[%clk 01:31:26]} {[%emt 00:00:37]} 10.
g4 {[%clk 01:28:35]} {[%emt 00:01:03]} Bg6 {[%clk 01:29:05]} {[%emt 00:02:50]}
11. h4 {[%clk 01:28:17]} {[%emt 00:00:49]} h5 {[%clk 01:28:45]} {[%emt
00:00:51]} 12. Bxf6 {[%clk 01:25:39]} {[%emt 00:03:08]} Nxf6 {[%clk 01:28:00]}
{[%emt 00:01:15]} 13. g5 {[%clk 01:25:37]} {[%emt 00:00:31]} Ng4 {[%clk
01:26:13]} {[%emt 00:02:18]} 14. a3 {[%clk 01:25:14]} {[%emt 00:00:53]} Qc7
{[%clk 01:26:11]} {[%emt 00:00:32]} 15. Qe2 {[%clk 01:24:52]} {[%emt 00:00:51]}
O-O {[%clk 01:25:08]} {[%emt 00:01:34]} 16. O-O-O {[%clk 01:24:01]} {[%emt
00:01:20]} Rfb8 {[%clk 01:25:11]} {[%emt 00:00:28]} 17. Nd2 {[%clk 01:23:19]}
{[%emt 00:01:12]} b5 {[%clk 01:25:27]} {[%emt 00:00:14]} 18. Ba2 {[%clk
01:23:16]} {[%emt 00:00:32]} b4 {[%clk 01:25:19]} {[%emt 00:00:38]} 19. axb4
{[%clk 01:23:06]} {[%emt 00:00:39]} Bxb4 {[%clk 01:25:39]} {[%emt 00:00:11]}
20. Nce4 {[%clk 01:22:36]} {[%emt 00:01:00]} Qb7 {[%clk 01:25:10]} {[%emt
00:00:58]} 21. Bb3 {[%clk 01:21:49]} {[%emt 00:01:18]} a5 {[%clk 01:24:00]}
{[%emt 00:01:41]} 22. c3 {[%clk 01:20:25]} {[%emt 00:01:54]} a4 {[%clk
01:24:03]} {[%emt 00:00:27]} 23. Qc4 {[%clk 01:18:21]} {[%emt 00:02:33]} axb3
{[%clk 01:22:27]} {[%emt 00:02:07]} 24. Qxb4 {[%clk 01:13:33]} {[%emt
00:05:17]} Qxb4 {[%clk 01:21:55]} {[%emt 00:01:03]} 25. cxb4 {[%clk 01:13:49]}
{[%emt 00:00:14]} Rxb4 {[%clk 01:22:18]} {[%emt 00:00:07]} 26. Nc3 {[%clk
01:14:01]} {[%emt 00:00:17]} Nxf2 {[%clk 01:22:15]} {[%emt 00:00:34]} 27. Rhf1
{[%clk 01:13:31]} {[%emt 00:00:59]} Ra1+ {[%clk 01:22:22]} {[%emt 00:00:24]}
28. Ndb1 {[%clk 01:13:46]} {[%emt 00:00:15]} Nxd1 {[%clk 01:22:25]} {[%emt
00:00:27]} 29. Rxd1 {[%clk 01:14:10]} {[%emt 00:00:05]} Rc4 {[%clk 01:22:37]}
{[%emt 00:00:19]} 30. Kd2 {[%clk 01:13:42]} {[%emt 00:00:58]} Rxd4+ {[%clk
01:22:49]} {[%emt 00:00:18]} 31. Ke1 {[%clk 01:13:59]} {[%emt 00:00:10]} Rxd1+
{[%clk 01:22:48]} {[%emt 00:00:34]} 32. Kxd1 {[%clk 01:14:23]} {[%emt
00:00:06]} Bxb1 {[%emt 00:00:15]} 33. Nxb1 {[%emt 00:00:05]} Rxb1+ {[%clk
01:23:11]} {[%emt 00:00:17]} 34. Kd2 {[%clk 01:15:19]} {[%emt 00:00:04]} Rxb2+
{[%emt 00:00:20]} 35. Kc3 {[%emt 00:00:06]} Rh2 {[%clk 01:23:30]} {[%emt
00:00:15]} 36. Kxb3 {[%clk 01:16:13]} {[%emt 00:00:06]} Rxh4 {[%clk 01:23:24]}
{[%emt 00:00:36]} 37. Kc3 {[%clk 01:16:37]} {[%emt 00:00:05]} Rg4 {[%clk
01:23:47]} {[%emt 00:00:07]} 38. Kd3 {[%clk 01:17:02]} {[%emt 00:00:05]} Rxg5
{[%clk 01:23:21]} {[%emt 00:00:56]} 39. Ke4 {[%clk 01:17:24]} {[%emt 00:00:07]}
h4 {[%clk 01:23:45]} {[%emt 00:00:07]} 40. Kf4 {[%clk 01:17:48]} {[%emt
00:00:06]} Rg6 {[%clk 01:24:12]} {[%emt 00:00:03]} 41. Ke5 {[%clk 01:18:10]}
{[%emt 00:00:09]} h3 {[%clk 01:24:29]} {[%emt 00:00:13]} 42. Kd6 {[%clk
01:18:35]} {[%emt 00:00:04]} h2 {[%clk 01:24:50]} {[%emt 00:00:10]} 43. Kxc6
{[%clk 01:18:59]} {[%emt 00:00:06]} h1=Q+ {[%clk 01:25:08]} {[%emt 00:00:12]}
44. Kc5 {[%clk 01:19:17]} {[%emt 00:00:12]} Qd1 {[%clk 01:25:17]} {[%emt
00:00:22]} 45. Kc4 {[%clk 01:19:40]} {[%emt 00:00:07]} Rg2 {[%clk 01:25:43]}
{[%emt 00:00:04]} 46. Kc5 {[%clk 01:20:01]} {[%emt 00:00:08]} Rc2+ {[%clk
01:26:06]} {[%emt 00:00:08]} 47. Kb4 {[%clk 01:20:23]} {[%emt 00:00:07]} Qb1+
{[%clk 01:26:30]} {[%emt 00:00:07]} 48. Ka4 {[%clk 01:20:47]} {[%emt 00:00:06]}
Ra2# {[%emt 00:00:02]} 0-1

[Event "ODJM C 2025"]
[Site "Willingen GER"]
[Date "2025.06.08"]
[Round "2"]
[White "Weimar, Yaron"]
[Black "Christoffers, Julia Anne"]
[Result "0-1"]
[Termination "normal"]
[Board "13"]
[WhiteElo "918"]
[BlackElo "1587"]
[WhiteClock "00:51:47"]
[BlackClock "00:25:49"]
[PlyCount "82"]
[WhiteFideId "533013098"]
[BlackFideId "16249895"]
[EventCountry "GER"]
[EventRounds "9"]
[EventType "swiss"]
[EventDate "2025.06.07"]

1. e4 {[%clk 01:30:58]} {[%emt 00:00:02]} e6 {[%clk 01:30:50]} {[%emt
00:00:14]} 2. d4 {[%clk 01:31:11]} {[%emt 00:00:13]} d5 {[%clk 01:31:11]}
{[%emt 00:00:08]} 3. exd5 {[%clk 01:31:24]} {[%emt 00:00:18]} exd5 {[%clk
01:31:28]} {[%emt 00:00:19]} 4. c4 {[%clk 01:31:41]} {[%emt 00:00:07]} c6
{[%clk 01:29:36]} {[%emt 00:02:21]} 5. Nc3 {[%clk 01:31:50]} {[%emt 00:00:21]}
Nf6 {[%clk 01:28:05]} {[%emt 00:02:02]} 6. Bg5 {[%clk 01:31:08]} {[%emt
00:01:11]} Be7 {[%clk 01:27:30]} {[%emt 00:01:06]} 7. Nf3 {[%clk 01:31:06]}
{[%emt 00:00:31]} O-O {[%clk 01:26:33]} {[%emt 00:01:27]} 8. Bd3 {[%clk
01:30:49]} {[%emt 00:00:47]} Be6 {[%clk 01:23:46]} {[%emt 00:03:18]} 9. b3
{[%clk 01:30:43]} {[%emt 00:00:36]} Bb4 {[%clk 01:21:11]} {[%emt 00:03:04]} 10.
Qc2 {[%clk 01:29:00]} {[%emt 00:02:13]} g6 {[%clk 01:15:53]} {[%emt 00:05:48]}
11. O-O {[%clk 01:26:05]} {[%emt 00:03:26]} Nbd7 {[%clk 01:15:40]} {[%emt
00:00:42]} 12. Ne5 {[%clk 01:26:00]} {[%emt 00:00:36]} Be7 {[%clk 01:13:51]}
{[%emt 00:02:19]} 13. Rfe1 {[%clk 01:21:45]} {[%emt 00:04:45]} Re8 {[%clk
01:09:52]} {[%emt 00:04:29]} 14. a3 {[%clk 01:21:22]} {[%emt 00:00:53]} Qc7
{[%clk 01:06:14]} {[%emt 00:04:08]} 15. Nxd7 {[%clk 01:19:24]} {[%emt
00:02:27]} Qxd7 {[%clk 01:05:07]} {[%emt 00:01:36]} 16. c5 {[%clk 01:18:14]}
{[%emt 00:01:41]} b6 {[%clk 01:01:16]} {[%emt 00:04:21]} 17. b4 {[%clk
01:17:51]} {[%emt 00:00:53]} Qc7 {[%clk 00:59:27]} {[%emt 00:02:20]} 18. h3
{[%clk 01:14:48]} {[%emt 00:03:32]} Nh5 {[%clk 00:54:32]} {[%emt 00:05:25]} 19.
Qd2 {[%clk 01:10:12]} {[%emt 00:05:06]} Bxg5 {[%clk 00:49:28]} {[%emt
00:05:35]} 20. Qxg5 {[%clk 01:09:49]} {[%emt 00:00:52]} Nf4 {[%clk 00:48:10]}
{[%emt 00:01:48]} 21. Be2 {[%clk 01:06:53]} {[%emt 00:03:26]} Bxh3 {[%clk
00:43:06]} {[%emt 00:05:34]} 22. g3 {[%clk 01:05:33]} {[%emt 00:01:49]} Ne6
{[%clk 00:39:09]} {[%emt 00:04:28]} 23. Qh4 {[%clk 01:04:41]} {[%emt 00:01:22]}
Bf5 {[%clk 00:39:05]} {[%emt 00:00:35]} 24. g4 {[%clk 01:04:22]} {[%emt
00:00:48]} Qf4 {[%clk 00:37:41]} {[%emt 00:01:54]} 25. Qh3 {[%clk 01:03:19]}
{[%emt 00:01:33]} Be4 {[%clk 00:35:17]} {[%emt 00:02:54]} 26. f3 {[%clk
01:01:38]} {[%emt 00:02:11]} Ng5 {[%clk 00:34:35]} {[%emt 00:01:12]} 27. Qg2
{[%clk 01:00:09]} {[%emt 00:01:58]} Bxf3 {[%clk 00:33:33]} {[%emt 00:01:33]}
28. Rf1 {[%clk 00:56:21]} {[%emt 00:04:18]} Bxg2 {[%clk 00:32:23]} {[%emt
00:01:41]} 29. Rxf4 {[%clk 00:56:32]} {[%emt 00:00:19]} Nh3+ {[%clk 00:32:51]}
{[%emt 00:00:01]} 30. Kxg2 {[%clk 00:56:24]} {[%emt 00:00:37]} Nxf4+ {[%clk
00:33:15]} {[%emt 00:00:07]} 31. Kf3 {[%clk 00:56:26]} {[%emt 00:00:28]} g5
{[%clk 00:32:43]} {[%emt 00:01:02]} 32. Bd1 {[%clk 00:55:48]} {[%emt 00:01:07]}
Re1 {[%clk 00:31:55]} {[%emt 00:01:18]} 33. a4 {[%clk 00:51:51]} {[%emt
00:04:29]} Rae8 {[%clk 00:30:47]} {[%emt 00:01:38]} 34. b5 {[%clk 00:51:24]}
{[%emt 00:00:56]} R1e3+ {[%clk 00:28:48]} {[%emt 00:02:29]} 35. Kf2 {[%clk
00:51:25]} {[%emt 00:00:29]} Rxc3 {[%clk 00:28:31]} {[%emt 00:00:47]} 36. bxc6
{[%clk 00:51:20]} {[%emt 00:00:34]} bxc5 {[%clk 00:28:12]} {[%emt 00:00:50]}
37. a5 {[%clk 00:51:12]} {[%emt 00:00:38]} cxd4 {[%clk 00:28:14]} {[%emt
00:00:28]} 38. Ba4 {[%clk 00:51:24]} {[%emt 00:00:18]} Re2+ {[%clk 00:25:29]}
{[%emt 00:03:15]} 39. Kf1 {[%clk 00:51:23]} {[%emt 00:00:31]} Rf3+ {[%clk
00:25:35]} {[%emt 00:00:24]} 40. Kg1 {[%clk 00:51:33]} {[%emt 00:00:20]} Rg2+
{[%clk 00:25:49]} {[%emt 00:00:17]} 41. Kh1 {[%clk 00:51:47]} {[%emt 00:00:15]}
Rh3# {[%emt 00:00:16]} 0-1

[Event "ODJM C 2025"]
[Site "Willingen GER"]
[Date "2025.06.08"]
[Round "2"]
[White "Kähling, Fiete"]
[Black "Börner, Martha"]
[Result "0-1"]
[Termination "normal"]
[Board "14"]
[WhiteElo "835"]
[BlackElo "1211"]
[WhiteClock "01:05:08"]
[BlackClock "01:13:09"]
[PlyCount "24"]
[WhiteFideId "533046700"]
[BlackFideId "34665382"]
[EventCountry "GER"]
[EventRounds "9"]
[EventType "swiss"]
[EventDate "2025.06.07"]

1. d4 {[%emt 00:00:16]} d5 {[%clk 01:30:51]} 2. Nc3 {[%clk 01:31:04]} {[%emt
00:00:19]} Nc6 {[%clk 01:30:59]} {[%emt 00:00:22]} 3. Bf4 {[%clk 01:30:08]}
{[%emt 00:01:26]} f6 {[%clk 01:29:20]} {[%emt 00:02:08]} 4. Nb5 {[%clk
01:29:41]} {[%emt 00:00:56]} e5 {[%clk 01:29:10]} {[%emt 00:00:41]} 5. Bg3
{[%clk 01:28:34]} {[%emt 00:01:37]} a6 {[%clk 01:29:24]} {[%emt 00:00:16]} 6.
Nc3 {[%clk 01:28:35]} {[%emt 00:00:30]} exd4 {[%clk 01:29:27]} {[%emt
00:00:27]} 7. Nb1 {[%clk 01:25:56]} {[%emt 00:03:09]} Bf5 {[%clk 01:28:41]}
{[%emt 00:01:15]} 8. a3 {[%clk 01:25:46]} {[%emt 00:00:41]} Bg6 {[%clk
01:26:34]} {[%emt 00:02:36]} 9. b3 {[%clk 01:22:19]} {[%emt 00:03:57]} Nh6
{[%clk 01:21:02]} {[%emt 00:06:02]} 10. Nf3 {[%clk 01:16:05]} {[%emt 00:06:45]}
Bc5 {[%clk 01:19:12]} {[%emt 00:02:20]} 11. b4 {[%clk 01:06:01]} {[%emt
00:10:34]} Bb6 {[%clk 01:18:12]} {[%emt 00:01:29]} 12. Nh4 {[%clk 01:05:08]}
{[%emt 00:01:23]} Nf5 {[%clk 01:13:09]} {[%emt 00:05:31]} 0-1

[Event "ODJM C 2025"]
[Site "Willingen GER"]
[Date "2025.06.08"]
[Round "2"]
[White "Abram, Kristina-Maria"]
[Black "Neumann, Viktoria"]
[Result "1-0"]
[Termination "normal"]
[Board "19"]
[WhiteElo "1507"]
[BlackElo "972"]
[WhiteClock "00:23:08"]
[BlackClock "00:24:54"]
[PlyCount "83"]
[WhiteFideId "16298349"]
[BlackFideId "34697292"]
[EventCountry "GER"]
[EventRounds "9"]
[EventType "swiss"]
[EventDate "2025.06.07"]

1. d4 {[%clk 01:30:57]} {[%emt 00:00:02]} Nf6 {[%clk 01:30:51]} {[%emt
00:00:14]} 2. c4 {[%clk 01:31:20]} {[%emt 00:00:03]} g6 {[%clk 01:31:07]}
{[%emt 00:00:13]} 3. Nc3 {[%clk 01:31:28]} {[%emt 00:00:23]} Bg7 {[%clk
01:31:25]} {[%emt 00:00:15]} 4. e4 {[%clk 01:31:37]} {[%emt 00:00:18]} d6
{[%clk 01:31:40]} {[%emt 00:00:14]} 5. Nf3 {[%clk 01:31:43]} {[%emt 00:00:24]}
O-O {[%clk 01:31:50]} {[%emt 00:00:19]} 6. Be2 {[%clk 01:29:40]} {[%emt
00:02:34]} Nbd7 {[%clk 01:29:36]} {[%emt 00:02:43]} 7. O-O {[%clk 01:29:51]}
{[%emt 00:00:20]} c5 {[%clk 01:29:48]} {[%emt 00:00:17]} 8. d5 {[%clk
01:20:52]} {[%emt 00:09:30]} Nb6 {[%clk 01:26:11]} {[%emt 00:04:05]} 9. a3
{[%clk 01:20:30]} {[%emt 00:00:54]} Bg4 {[%clk 01:25:21]} {[%emt 00:01:20]} 10.
Nd2 {[%clk 01:17:23]} {[%emt 00:03:37]} Bxe2 {[%emt 00:01:55]} 11. Qxe2 {[%clk
01:17:25]} {[%emt 00:00:13]} e6 {[%clk 01:18:07]} {[%emt 00:06:34]} 12. a4
{[%clk 01:12:39]} {[%emt 00:05:16]} Qd7 {[%clk 01:09:56]} {[%emt 00:08:40]} 13.
a5 {[%clk 01:11:35]} {[%emt 00:01:35]} Nc8 {[%clk 01:09:52]} {[%emt 00:00:34]}
14. Rd1 {[%clk 01:08:55]} {[%emt 00:03:10]} Ne7 {[%clk 01:09:08]} {[%emt
00:01:14]} 15. a6 {[%clk 01:02:38]} {[%emt 00:06:46]} b6 {[%clk 01:06:05]}
{[%emt 00:03:34]} 16. Nf3 {[%clk 01:01:15]} {[%emt 00:01:53]} exd5 {[%clk
01:02:28]} {[%emt 00:04:07]} 17. cxd5 {[%clk 01:01:09]} {[%emt 00:00:36]} Rac8
{[%clk 01:01:11]} {[%emt 00:01:47]} 18. Bf4 {[%clk 00:58:29]} {[%emt 00:03:05]}
c4 {[%clk 00:59:11]} {[%emt 00:02:35]} 19. e5 {[%clk 00:55:08]} {[%emt
00:03:50]} dxe5 {[%clk 00:57:56]} {[%emt 00:01:46]} 20. Nxe5 {[%clk 00:54:52]}
{[%emt 00:00:46]} Qf5 {[%clk 00:54:51]} {[%emt 00:03:33]} 21. Bg3 {[%clk
00:53:25]} {[%emt 00:01:52]} Rfe8 {[%clk 00:50:00]} {[%emt 00:05:29]} 22. Qd2
{[%clk 00:49:51]} {[%emt 00:03:46]} Nd7 {[%clk 00:49:03]} {[%emt 00:01:45]} 23.
Nxd7 {[%clk 00:46:30]} {[%emt 00:03:51]} Qxd7 {[%clk 00:49:11]} {[%emt
00:00:21]} 24. Ne4 {[%clk 00:44:32]} {[%emt 00:02:28]} Nf5 {[%clk 00:47:09]}
{[%emt 00:02:32]} 25. Re1 {[%clk 00:36:10]} {[%emt 00:08:53]} Nxg3 {[%clk
00:47:01]} {[%emt 00:00:39]} 26. hxg3 {[%clk 00:36:27]} {[%emt 00:00:12]} f5
{[%clk 00:45:59]} {[%emt 00:01:32]} 27. Nc3 {[%clk 00:33:34]} {[%emt 00:03:18]}
b5 {[%clk 00:43:05]} {[%emt 00:03:29]} 28. d6 {[%clk 00:28:12]} {[%emt
00:05:53]} b4 {[%clk 00:41:31]} {[%emt 00:02:04]} 29. Qd5+ {[%clk 00:26:20]}
{[%emt 00:02:17]} Qf7 {[%emt 00:04:12]} 30. d7 {[%clk 00:22:37]} {[%emt
00:04:11]} Rxe1+ {[%clk 00:31:02]} {[%emt 00:07:23]} 31. Rxe1 {[%clk 00:22:59]}
{[%emt 00:00:09]} Rd8 {[%clk 00:26:30]} {[%emt 00:05:01]} 32. Re8+ {[%clk
00:22:39]} {[%emt 00:00:50]} Bf8 {[%clk 00:26:25]} {[%emt 00:00:35]} 33. Rxd8
{[%clk 00:21:03]} {[%emt 00:02:06]} bxc3 {[%clk 00:26:34]} {[%emt 00:00:21]}
34. Rxf8+ {[%clk 00:20:29]} {[%emt 00:01:04]} Kxf8 {[%clk 00:26:04]} {[%emt
00:01:00]} 35. d8=Q+ {[%clk 00:20:52]} {[%emt 00:00:07]} Kg7 {[%clk 00:24:23]}
{[%emt 00:02:11]} 36. Qxf7+ {[%clk 00:21:17]} {[%emt 00:00:04]} Kxf7 {[%clk
00:24:36]} {[%emt 00:00:17]} 37. bxc3 {[%clk 00:21:45]} {[%emt 00:00:03]} Ke6
{[%clk 00:24:20]} {[%emt 00:00:46]} 38. Kf1 {[%clk 00:22:10]} {[%emt 00:00:05]}
Kf7 {[%clk 00:24:21]} {[%emt 00:00:29]} 39. Ke2 {[%clk 00:22:36]} {[%emt
00:00:04]} Kg7 {[%clk 00:24:42]} {[%emt 00:00:10]} 40. Qe7+ {[%clk 00:22:55]}
{[%emt 00:00:07]} Kh6 {[%clk 00:25:02]} {[%emt 00:00:12]} 41. f3 {[%clk
00:22:47]} {[%emt 00:00:39]} Kh5 {[%clk 00:24:54]} {[%emt 00:00:37]} 42. Qh4#
{[%clk 00:23:08]} {[%emt 00:00:09]} 1-0